000 00652nam a22002052 4500
001 0000008782
005 20151217152041.0
008 080603s xx 000 0 eng d
020 _a0679781781 :
_cKES 1490
040 _aKABU
_cKABU
100 1 _aSampson, Anthony.
_@0000074290
245 1 0 _aMandela :
_bthe authorized biography /
_cAnthony Sampson.
260 _aNew York :
_bRandom House,
_c1999.
300 _axxvi, 672 p.
650 0 _aMandela, Nelson, 1918 -.
_@0000159494
650 0 _aSouth Africa
_xPolitics and government
_y20th century.
_@0000159495
908 _a080603
950 _@1
999 _c7722
_d7722